[Event "DEN-ch"]
[Site "Greve"]
[Date "2002.03.26"]
[Round "4"]
[White "Berg, Klaus"]
[Black "Jakobsen, Ole"]
[Result "1/2-1/2"]
[WhiteElo "2418"]
[BlackElo "2405"]
[PlyCount "46"]
[EventDate "2002.03.23"]
[EventType "tourn"]
[EventRounds "9"]
[EventCountry "DEN"]
[EventCategory "8"]
[Source "ChessBase"]
[SourceDate "2002.05.03"]

1. d4 d6 2. e4 g6 3. Nc3 c6 4. Be3 Qb6 5. Rb1 Bg7 6. h3 Nf6 7. Nf3 O-O 8. Bd3
Qc7 9. O-O Nbd7 10. a4 b6 11. Qd2 Bb7 12. Rfe1 e5 13. Rbd1 a6 14. Bf1 b5 15.
dxe5 dxe5 16. Qd6 Rfc8 17. Qxc7 Rxc7 18. Nd2 Bf8 19. f3 Nc5 20. Nb3 Nfd7 21.
Nxc5 Nxc5 22. b3 Re8 23. Ra1 Ne6 1/2-1/2

[Event "DEN-ch"]
[Site "Greve"]
[Date "2002.03.29"]
[Round "7"]
[White "Berg, Klaus"]
[Black "Hansen, Sune Berg"]
[Result "1/2-1/2"]
[WhiteElo "2418"]
[BlackElo "2536"]
[PlyCount "50"]
[EventDate "2002.03.23"]
[EventType "tourn"]
[EventRounds "9"]
[EventCountry "DEN"]
[EventCategory "8"]
[Source "ChessBase"]
[SourceDate "2002.05.03"]

1. d4 Nf6 2. Nf3 e6 3. e3 b6 4. Bd3 Bb7 5. O-O c5 6. c4 g6 7. Nc3 Bg7 8. d5
exd5 9. cxd5 Nxd5 10. Nb5 O-O 11. Nd6 Bc6 12. e4 Nc7 13. Bg5 Bf6 14. Qd2 Ne8
15. Nxe8 Bxg5 16. Nxg5 Qxe8 17. Bc4 Kg7 18. Rfe1 f6 19. Nf3 Qe7 20. Rad1 a6 21.
h4 h5 22. Qf4 b5 23. Bd5 d6 24. Bxc6 Nxc6 25. Rxd6 Ne5 1/2-1/2

[Event "DEN-ch"]
[Site "Greve"]
[Date "2002.03.25"]
[Round "3"]
[White "Fries Nielsen, Jens Ove"]
[Black "Hansen, Sune Berg"]
[Result "1/2-1/2"]
[WhiteElo "2454"]
[BlackElo "2536"]
[PlyCount "42"]
[EventDate "2002.03.23"]
[EventType "tourn"]
[EventRounds "9"]
[EventCountry "DEN"]
[EventCategory "8"]
[Source "ChessBase"]
[SourceDate "2002.05.03"]

1. Nf3 c5 2. e3 g6 3. d4 Bg7 4. dxc5 Qa5+ 5. Bd2 Qxc5 6. Bc3 Nf6 7. Nbd2 O-O 8.
Be2 d6 9. O-O Nbd7 10. a4 Qc7 11. a5 Nc5 12. b4 Na6 13. Ra3 Bd7 14. Qb1 Rac8
15. Rc1 Qd8 16. Ba1 e5 17. c4 Qe7 18. Rd1 Bf5 19. e4 Be6 20. c5 dxc5 21. b5 Nb4
1/2-1/2

[Event "DEN-ch"]
[Site "Greve"]
[Date "2002.03.27"]
[Round "5"]
[White "Fries Nielsen, Jens Ove"]
[Black "Pilgaard, Kim"]
[Result "1-0"]
[WhiteElo "2454"]
[BlackElo "2400"]
[PlyCount "85"]
[EventDate "2002.03.23"]
[EventType "tourn"]
[EventRounds "9"]
[EventCountry "DEN"]
[EventCategory "8"]
[Source "ChessBase"]
[SourceDate "2002.05.03"]

1. Nf3 Nf6 2. g3 b6 3. Bg2 Bb7 4. O-O e6 5. d3 d5 6. c4 Be7 7. Nc3 O-O 8. cxd5
Nxd5 9. Bd2 c5 10. a3 Nc6 11. Qa4 Qd7 12. Nxd5 Qxd5 13. Bc3 Qd6 14. Ne5 Rfc8
15. Qg4 Bf6 16. f4 Qe7 17. h4 Nd8 18. e4 Bxe5 19. Bxe5 f6 20. Bc3 Nc6 21. Bh3
Re8 22. Qe2 Rad8 23. g4 Qd7 24. Rad1 Ba6 25. Qe3 Nd4 26. g5 Qf7 27. Kh2 fxg5
28. fxg5 Qh5 29. Bxd4 Rxd4 30. Qf4 Rdd8 31. Rd2 e5 32. Qg3 Rxd3 33. Rdf2 Rdd8
34. Bg4 Qg6 35. Bf5 Qd6 36. Re1 g6 37. Bg4 Rf8 38. Rd1 Rxf2+ 39. Qxf2 Qe7 40.
Be6+ Kh8 41. Qf7 Qxf7 42. Rxd8+ Kg7 43. Bxf7 1-0

[Event "DEN-ch"]
[Site "Greve"]
[Date "2002.03.30"]
[Round "8"]
[White "Fries Nielsen, Jens Ove"]
[Black "Pedersen, Jan"]
[Result "1-0"]
[WhiteElo "2454"]
[BlackElo "2413"]
[PlyCount "49"]
[EventDate "2002.03.23"]
[EventType "tourn"]
[EventRounds "9"]
[EventCountry "DEN"]
[EventCategory "8"]
[Source "ChessBase"]
[SourceDate "2002.05.03"]

1. d4 e6 2. Nf3 Nf6 3. e3 b6 4. Bd3 Bb7 5. O-O c5 6. b3 Be7 7. Bb2 cxd4 8. exd4
O-O 9. Re1 Nc6 10. a3 a6 11. c4 d5 12. Nc3 Rc8 13. cxd5 Nxd5 14. Nxd5 Qxd5 15.
Be4 Qd8 16. b4 b5 17. Qe2 Bf6 18. Rad1 Qe7 19. d5 exd5 20. Bxh7+ Kh8 21. Qd2
Qd6 22. Bb1 Bxb2 23. Qxb2 Rcd8 24. Ng5 d4 25. Qb3 1-0

[Event "DEN-ch"]
[Site "Greve"]
[Date "2002.03.26"]
[Round "4"]
[White "Hansen, Sune Berg"]
[Black "Pedersen, Jan"]
[Result "1-0"]
[WhiteElo "2536"]
[BlackElo "2413"]
[PlyCount "95"]
[EventDate "2002.03.23"]
[EventType "tourn"]
[EventRounds "9"]
[EventCountry "DEN"]
[EventCategory "8"]
[Source "ChessBase"]
[SourceDate "2002.05.03"]

1. e4 e5 2. Nf3 Nc6 3. Bb5 Nf6 4. O-O Nxe4 5. d4 Nd6 6. Bxc6 dxc6 7. dxe5 Nf5
8. Qxd8+ Kxd8 9. Nc3 h6 10. b3 Bd7 11. Bb2 a5 12. Rad1 Kc8 13. a4 b6 14. Rd3
Be7 15. h3 Nh4 16. Nd4 Ng6 17. f4 Bc5 18. Ne4 Bxd4+ 19. Rxd4 Ne7 20. Rd2 Rg8
21. g4 c5 22. f5 Bc6 23. Ng3 g5 24. c4 Kb7 25. Kf2 Rad8 26. Rfd1 Kc8 27. Nh5
Rxd2+ 28. Rxd2 Rf8 29. Nf6 Ng8 30. Nd5 Bd7 31. f6 Re8 32. Kg3 Be6 33. Ne3 Rd8
34. Rxd8+ Kxd8 35. Bc1 c6 36. Nf5 Kd7 37. Bd2 b5 38. Ne3 bxa4 39. bxa4 h5 40.
Bxa5 hxg4 41. hxg4 Kc8 42. Bb6 Kb7 43. Bxc5 Ka6 44. Bb4 c5 45. Bd2 Kb7 46. Nf5
Kc6 47. Bxg5 Bxc4 48. Bd2 1-0

[Event "DEN-ch"]
[Site "Greve"]
[Date "2002.03.24"]
[Round "2"]
[White "Hansen, Sune Berg"]
[Black "Schandorff, Lars"]
[Result "1/2-1/2"]
[WhiteElo "2536"]
[BlackElo "2545"]
[PlyCount "48"]
[EventDate "2002.03.23"]
[EventType "tourn"]
[EventRounds "9"]
[EventCountry "DEN"]
[EventCategory "8"]
[Source "ChessBase"]
[SourceDate "2002.05.03"]

1. e4 e5 2. Nf3 Nf6 3. Nxe5 d6 4. Nf3 Nxe4 5. d4 d5 6. Bd3 Nc6 7. O-O Be7 8. c4
Nb4 9. Be2 O-O 10. a3 Nc6 11. cxd5 Qxd5 12. Nc3 Nxc3 13. bxc3 Bf5 14. Re1 Bf6
15. Bf4 Qd7 16. Bb5 a6 17. Ne5 Bxe5 18. Bxc6 Qxc6 19. Rxe5 Qd7 20. Qe2 Rae8 21.
Re1 Rxe5 22. Qxe5 c6 23. h4 Qe6 24. c4 Re8 1/2-1/2

[Event "DEN-ch"]
[Site "Greve"]
[Date "2002.03.31"]
[Round "9"]
[White "Hansen, Sune Berg"]
[Black "Hoi, Carsten"]
[Result "1-0"]
[WhiteElo "2536"]
[BlackElo "2407"]
[PlyCount "69"]
[EventDate "2002.03.23"]
[EventType "tourn"]
[EventRounds "9"]
[EventCountry "DEN"]
[EventCategory "8"]
[Source "ChessBase"]
[SourceDate "2002.05.03"]

1. e4 g6 2. d4 Bg7 3. Nf3 d6 4. Bc4 Nf6 5. Qe2 c6 6. e5 dxe5 7. dxe5 Nd5 8. h3
O-O 9. O-O Be6 10. Ng5 Qb6 11. Nd2 Nd7 12. Ndf3 Nc5 13. Nd4 Rad8 14. c3 Bc8 15.
Re1 h6 16. Ngf3 Ne6 17. Qe4 Nxd4 18. Nxd4 c5 19. Nf3 Bf5 20. Qe2 g5 21. a4 a5
22. Nh2 Qg6 23. Qf3 Nb6 24. Bb5 Nd7 25. Qxb7 Nxe5 26. Be3 c4 27. Red1 Rxd1+ 28.
Rxd1 g4 29. hxg4 Nxg4 30. Nxg4 Bxg4 31. Re1 Bf5 32. Bc5 Rd8 33. Qxe7 Rd2 34.
Bxc4 Rxb2 35. Qe8+ 1-0

[Event "DEN-ch"]
[Site "Greve"]
[Date "2002.03.28"]
[Round "6"]
[White "Hoi, Carsten"]
[Black "Jakobsen, Ole"]
[Result "1/2-1/2"]
[WhiteElo "2407"]
[BlackElo "2405"]
[PlyCount "50"]
[EventDate "2002.03.23"]
[EventType "tourn"]
[EventRounds "9"]
[EventCountry "DEN"]
[EventCategory "8"]
[Source "ChessBase"]
[SourceDate "2002.05.03"]

1. d4 d6 2. Nf3 g6 3. c4 Bg7 4. Nc3 Bg4 5. e3 e5 6. dxe5 dxe5 7. Qxd8+ Kxd8 8.
Ng5 Nh6 9. Be2 Bd7 10. b3 f6 11. Nge4 Nf7 12. Bb2 b6 13. g4 c6 14. O-O-O Kc7
15. Rd2 Rd8 16. Ba3 Be6 17. Rxd8 Kxd8 18. h4 Nd7 19. h5 Kc7 20. hxg6 hxg6 21.
Rh7 Rg8 22. Be7 f5 23. gxf5 gxf5 24. Ng3 f4 25. Nge4 fxe3 1/2-1/2

[Event "DEN-ch"]
[Site "Greve"]
[Date "2002.03.26"]
[Round "4"]
[White "Hoi, Carsten"]
[Black "Fries Nielsen, Jens Ove"]
[Result "1/2-1/2"]
[WhiteElo "2407"]
[BlackElo "2454"]
[PlyCount "47"]
[EventDate "2002.03.23"]
[EventType "tourn"]
[EventRounds "9"]
[EventCountry "DEN"]
[EventCategory "8"]
[Source "ChessBase"]
[SourceDate "2002.05.03"]

1. d4 d5 2. c4 e6 3. cxd5 exd5 4. Nc3 c6 5. Bf4 Ne7 6. e3 Nf5 7. Nf3 Bd6 8.
Bxd6 Nxd6 9. Bd3 Bg4 10. Qc2 Bxf3 11. gxf3 Qf6 12. f4 Nd7 13. O-O-O Nb6 14.
Rhg1 O-O-O 15. Kb1 h6 16. a4 Kb8 17. a5 Nbc4 18. Qa4 g5 19. b3 Nb5 20. Nxb5
cxb5 21. Qb4 Nd6 22. Bxb5 Nxb5 23. Qxb5 a6 24. Qd3 1/2-1/2

[Event "DEN-ch"]
[Site "Greve"]
[Date "2002.03.24"]
[Round "2"]
[White "Hoi, Carsten"]
[Black "Pilgaard, Kim"]
[Result "1/2-1/2"]
[WhiteElo "2407"]
[BlackElo "2400"]
[PlyCount "37"]
[EventDate "2002.03.23"]
[EventType "tourn"]
[EventRounds "9"]
[EventCountry "DEN"]
[EventCategory "8"]
[Source "ChessBase"]
[SourceDate "2002.05.03"]

1. d4 Nf6 2. c4 e6 3. Nf3 d5 4. Nc3 dxc4 5. e3 a6 6. Bxc4 c5 7. O-O b5 8. Bb3
Bb7 9. Qe2 cxd4 10. Rd1 Be7 11. exd4 O-O 12. Bg5 Ra7 13. Rac1 Nd5 14. Ne4 Nc6
15. Bc2 Ncb4 16. Bb1 Bxg5 17. Nfxg5 h6 18. Nh3 Nf6 19. Nc5 1/2-1/2

[Event "DEN-ch"]
[Site "Greve"]
[Date "2002.03.27"]
[Round "5"]
[White "Jakobsen, Ole"]
[Black "Hansen, Sune Berg"]
[Result "0-1"]
[WhiteElo "2405"]
[BlackElo "2536"]
[PlyCount "140"]
[EventDate "2002.03.23"]
[EventType "tourn"]
[EventRounds "9"]
[EventCountry "DEN"]
[EventCategory "8"]
[Source "ChessBase"]
[SourceDate "2002.05.03"]

1. d4 Nf6 2. c4 e6 3. Nf3 b6 4. g3 Ba6 5. Qa4 Bb7 6. Bg2 c5 7. dxc5 Bxc5 8. O-O
O-O 9. Nc3 Be7 10. Rd1 a6 11. Bf4 d6 12. Rac1 Qc7 13. Qc2 Rd8 14. Qd2 Ne8 15.
Bg5 Bxg5 16. Qxg5 Nd7 17. b3 Rac8 18. Qe3 Nef6 19. h3 h6 20. Qd2 Nc5 21. Qe3
Qb8 22. Rd4 Qa8 23. Rcd1 Ne8 24. Rh4 Nd7 25. Rhd4 Rc7 26. Ne1 Bxg2 27. Nxg2
Ndf6 28. a4 Rdc8 29. R4d3 Rc6 30. Ne1 Qb7 31. Nf3 Qc7 32. Ne4 Nxe4 33. Qxe4 Nf6
34. Qe3 d5 35. Ne5 Rc5 36. Qd4 dxc4 37. Nxc4 b5 38. axb5 axb5 39. Ne3 Qb7 40.
Qf4 Kh7 41. Ng4 Nh5 42. Qe3 R8c7 43. Kh2 b4 44. Rd8 Rc3 45. Qe5 R7c5 46. Qd4 f5
47. Rd7 Rc7 48. Ne5 Nf6 49. Rxc7 Qxc7 50. Nd3 Rxb3 51. Nxb4 Ne4 52. Nd3 Rc3 53.
Ra1 Rc4 54. Ra7 Qxg3+ 55. fxg3 Rxd4 56. Re7 Rd6 57. Nf4 Nc5 58. Nh5 Kg6 59.
Nxg7 Rd2 60. Ne8 Rxe2+ 61. Kg1 h5 62. Rg7+ Kh6 63. g4 Ne4 64. Re7 Ng3 65. Nc7
e5 66. gxf5 Nxf5 67. Rf7 Nd4 68. Nd5 Rd2 69. Ne7 e4 70. Rf8 e3 0-1

[Event "DEN-ch"]
[Site "Greve"]
[Date "2002.03.29"]
[Round "7"]
[White "Jakobsen, Ole"]
[Black "Pilgaard, Kim"]
[Result "1/2-1/2"]
[WhiteElo "2405"]
[BlackElo "2400"]
[PlyCount "51"]
[EventDate "2002.03.23"]
[EventType "tourn"]
[EventRounds "9"]
[EventCountry "DEN"]
[EventCategory "8"]
[Source "ChessBase"]
[SourceDate "2002.05.03"]

1. Nf3 Nf6 2. c4 e6 3. g3 d5 4. d4 dxc4 5. Qa4+ Nbd7 6. Bg2 a6 7. Qxc4 b5 8.
Qc6 Rb8 9. Bf4 Nd5 10. Qc1 Nxf4 11. gxf4 Bb7 12. O-O c5 13. Nbd2 Rc8 14. Qd1
Bd6 15. e3 O-O 16. a4 Qb6 17. axb5 axb5 18. dxc5 Nxc5 19. Qe2 Ne4 20. Rfc1 Nxd2
21. Nxd2 Bxg2 22. Kxg2 Rfd8 23. Qf3 Be7 24. Ne4 f5 25. Ng3 g6 26. Rxc8 1/2-1/2

[Event "DEN-ch"]
[Site "Greve"]
[Date "2002.03.25"]
[Round "3"]
[White "Jakobsen, Ole"]
[Black "Mortensen, Erling"]
[Result "1/2-1/2"]
[WhiteElo "2405"]
[BlackElo "2441"]
[PlyCount "57"]
[EventDate "2002.03.23"]
[EventType "tourn"]
[EventRounds "9"]
[EventCountry "DEN"]
[EventCategory "8"]
[Source "ChessBase"]
[SourceDate "2002.05.03"]

1. d4 Nf6 2. c4 g6 3. Nc3 Bg7 4. e4 d6 5. f3 O-O 6. Nge2 c5 7. Be3 Nc6 8. d5
Ne5 9. Ng3 e6 10. Be2 exd5 11. cxd5 a6 12. O-O b5 13. a3 Nfd7 14. f4 Nc4 15.
Bxc4 bxc4 16. Qe2 Rb8 17. Rac1 Re8 18. Qxc4 Rxb2 19. Na4 Rb5 20. Bf2 h5 21. h3
h4 22. Ne2 Qe7 23. Nec3 Bh6 24. e5 dxe5 25. Nxb5 axb5 26. Qxb5 Bxf4 27. Nxc5
Bxc1 28. Rxc1 e4 29. Re1 1/2-1/2

[Event "DEN-ch"]
[Site "Greve"]
[Date "2002.03.29"]
[Round "7"]
[White "Mortensen, Erling"]
[Black "Hoi, Carsten"]
[Result "1-0"]
[WhiteElo "2441"]
[BlackElo "2407"]
[PlyCount "71"]
[EventDate "2002.03.23"]
[EventType "tourn"]
[EventRounds "9"]
[EventCountry "DEN"]
[EventCategory "8"]
[Source "ChessBase"]
[SourceDate "2002.05.03"]

1. e4 Nc6 2. Nf3 g6 3. d4 Bg7 4. d5 Ne5 5. Nxe5 Bxe5 6. f4 Bg7 7. Nc3 d6 8. Bc4
Nf6 9. e5 Nd7 10. e6 fxe6 11. dxe6 Nb6 12. Bb3 O-O 13. a4 c6 14. a5 Bxc3+ 15.
bxc3 Nd5 16. Bxd5 cxd5 17. Qxd5 Rf5 18. Qd4 Bxe6 19. c4 Bf7 20. O-O e5 21. Qe4
d5 22. Qe2 exf4 23. Bxf4 Qf6 24. Qd2 dxc4 25. Be3 Rd8 26. Qb4 Re8 27. Bxa7 Re2
28. Qxb7 Re7 29. Qb8+ Kg7 30. Rad1 Re2 31. Rxf5 Qxf5 32. Bd4+ Kh6 33. Qg3 Qe4
34. h4 Qe7 35. Qf4+ Kh5 36. Bf2 1-0

[Event "DEN-ch"]
[Site "Greve"]
[Date "2002.03.31"]
[Round "9"]
[White "Mortensen, Erling"]
[Black "Schandorff, Lars"]
[Result "1/2-1/2"]
[WhiteElo "2441"]
[BlackElo "2545"]
[PlyCount "88"]
[EventDate "2002.03.23"]
[EventType "tourn"]
[EventRounds "9"]
[EventCountry "DEN"]
[EventCategory "8"]
[Source "ChessBase"]
[SourceDate "2002.05.03"]

1. e4 c6 2. d4 d5 3. e5 Bf5 4. Nc3 e6 5. g4 Bg6 6. Nge2 c5 7. Be3 Nc6 8. dxc5
Nxe5 9. Nd4 Nf6 10. f4 Nc6 11. Bb5 Rc8 12. f5 exf5 13. Nxf5 Bxf5 14. gxf5 Be7
15. Qe2 O-O 16. O-O-O Re8 17. Qg2 Bf8 18. Bg5 Re5 19. Rhg1 Kh8 20. Qg3 Rxf5 21.
Bd3 Rxg5 22. Qxg5 h6 23. Qg2 Ne5 24. Rge1 Nxd3+ 25. Rxd3 Rxc5 26. Red1 Qa5 27.
Kb1 Bd6 28. h3 Be5 29. Nxd5 Bxb2 30. Kxb2 Nxd5 31. Qe4 f5 32. Qd4 Qb5+ 33. Rb3
Qc6 34. Rd2 Nb6 35. Rg3 Nc4+ 36. Ka1 Re5 37. Rd1 Kh7 38. Rc3 Re4 39. Qd8 Qb5
40. Rb3 Qe5+ 41. c3 Na5 42. Ra3 Nc4 43. Rb3 Na5 44. Ra3 Nc4 1/2-1/2

[Event "DEN-ch"]
[Site "Greve"]
[Date "2002.03.24"]
[Round "2"]
[White "Mortensen, Erling"]
[Black "Pedersen, Jan"]
[Result "1-0"]
[WhiteElo "2441"]
[BlackElo "2413"]
[PlyCount "135"]
[EventDate "2002.03.23"]
[EventType "tourn"]
[EventRounds "9"]
[EventCountry "DEN"]
[EventCategory "8"]
[Source "ChessBase"]
[SourceDate "2002.05.03"]

1. e4 e6 2. d4 d5 3. Nd2 dxe4 4. Nxe4 Bd7 5. Nf3 Bc6 6. Ned2 Nf6 7. Bd3 Be7 8.
O-O O-O 9. Re1 Nbd7 10. c3 b6 11. a4 Bb7 12. a5 c5 13. a6 Bc6 14. Nc4 Rc8 15.
Bf4 Nd5 16. Bg3 N7f6 17. dxc5 Bxc5 18. Nfe5 Ba8 19. Na3 Bxa3 20. Rxa3 Qe7 21.
Ra4 Rfd8 22. Qe2 Rc5 23. Rd4 Rcc8 24. Bh4 h6 25. Bb1 Qc5 26. Rc4 Qd6 27. Rxc8
Rxc8 28. Qd3 g5 29. Bg3 Qe7 30. h4 Nf4 31. Bxf4 gxf4 32. Qd4 f3 33. Qf4 Nd5 34.
Qxh6 f6 35. Nxf3 e5 36. Nd4 Qg7 37. Qxg7+ Kxg7 38. Nb5 Nc7 39. Nxc7 Rxc7 40.
Rd1 Bc6 41. Bf5 Bb5 42. Ra1 Rc5 43. Be4 Rc7 44. Bb7 Rd7 45. b3 Be2 46. Rc1 Rd2
47. c4 Rb2 48. Rc3 f5 49. c5 bxc5 50. Rxc5 Kf6 51. Rc6+ Ke7 52. Bc8 f4 53. Re6+
Kd8 54. Bb7 Rxb3 55. Rxe5 f3 56. gxf3 Bxf3 57. Bxf3 Rxf3 58. Re6 Rf7 59. h5 Kd7
60. Rg6 Ke8 61. h6 Kf8 62. Kg2 Rd7 63. Kg3 Re7 64. Kg4 Rf7 65. f4 Rd7 66. Kg5
Rd5+ 67. f5 Rd7 68. Rg7 1-0

[Event "DEN-ch"]
[Site "Greve"]
[Date "2002.03.27"]
[Round "5"]
[White "Mortensen, Erling"]
[Black "Berg, Klaus"]
[Result "1-0"]
[WhiteElo "2441"]
[BlackElo "2418"]
[PlyCount "177"]
[EventDate "2002.03.23"]
[EventType "tourn"]
[EventRounds "9"]
[EventCountry "DEN"]
[EventCategory "8"]
[Source "ChessBase"]
[SourceDate "2002.05.03"]

1. e4 c6 2. d4 d5 3. e5 Bf5 4. Nf3 e6 5. Be2 Ne7 6. O-O c5 7. dxc5 Nec6 8. c4
d4 9. Bd3 Bxd3 10. Qxd3 Nd7 11. Bf4 Nxc5 12. Qd2 Qb6 13. Na3 Rd8 14. Rfd1 Na4
15. Nb5 a6 16. Nd6+ Bxd6 17. exd6 f6 18. c5 Qxb2 19. Nxd4 Qxd2 20. Rxd2 Nxd4
21. Rxd4 Nxc5 22. Be3 e5 23. Rb4 Ne6 24. Rxb7 Rxd6 25. Rb8+ Nd8 26. Rab1 Kd7
27. h4 Nf7 28. R8b7+ Ke6 29. Bc5 Rc6 30. Re7+ Kf5 31. Be3 Nd6 32. Rxg7 h5 33.
f3 Ke6 34. Bf2 Rhc8 35. Rh7 Rc1+ 36. Rxc1 Rxc1+ 37. Kh2 Rc2 38. Bg3 Rxa2 39.
Rxh5 Nf7 40. Rh7 Rc2 41. Rg7 Rc8 42. Rg4 Nd6 43. Ra4 Ra8 44. Be1 Nb7 45. Rc4 a5
46. Ra4 Kd5 47. g4 Ke6 48. Kg3 Rd8 49. Ra1 Ra8 50. Ra4 Rd8 51. h5 Rd4 52. Rxd4
exd4 53. Kf4 Nd6 54. h6 Kf7 55. Bh4 f5 56. gxf5 a4 57. Bf2 Nb5 58. Kg5 a3 59.
f6 a2 60. h7 a1=Q 61. h8=Q Nd6 62. Qg7+ Ke6 63. Qe7+ Kd5 64. Bg3 Qc1+ 65. Kg4
Qc8+ 66. Kg5 Qg8+ 67. Qg7 Nf7+ 68. Kg6 Nh8+ 69. Kh6 Nf7+ 70. Kh5 Qe8 71. Qg6
Qe6 72. Kh4 Kc4 73. Qc2+ Kb5 74. Qb2+ Kc5 75. Qc1+ Kb5 76. Qf4 Kc4 77. Qc7+ Kd3
78. Qe7 Qd5 79. Kg4 Kc2 80. Qe4+ Qxe4+ 81. fxe4 d3 82. Bf4 Kb3 83. Kf5 Kc4 84.
Ke6 Nh8 85. Be3 Ng6 86. f7 d2 87. Bxd2 Kd4 88. Kf6 Nf8 89. Kf5 1-0

[Event "DEN-ch"]
[Site "Greve"]
[Date "2002.03.29"]
[Round "7"]
[White "Pedersen, Jan"]
[Black "Schandorff, Lars"]
[Result "1/2-1/2"]
[WhiteElo "2413"]
[BlackElo "2545"]
[PlyCount "34"]
[EventDate "2002.03.23"]
[EventType "tourn"]
[EventRounds "9"]
[EventCountry "DEN"]
[EventCategory "8"]
[Source "ChessBase"]
[SourceDate "2002.05.03"]

1. e4 c6 2. d4 d5 3. e5 Bf5 4. Nf3 e6 5. Be2 Ne7 6. O-O c5 7. Na3 Nec6 8. c4
cxd4 9. Nb5 dxc4 10. Nfxd4 Nxd4 11. Nxd4 Bd3 12. Be3 Qd7 13. Bxd3 cxd3 14. Rc1
Na6 15. Qxd3 Bc5 16. Rfd1 O-O 17. Qe2 Qe7 1/2-1/2

[Event "DEN-ch"]
[Site "Greve"]
[Date "2002.03.23"]
[Round "1"]
[White "Pedersen, Jan"]
[Black "Jakobsen, Ole"]
[Result "1/2-1/2"]
[WhiteElo "2413"]
[BlackElo "2405"]
[PlyCount "42"]
[EventDate "2002.03.23"]
[EventType "tourn"]
[EventRounds "9"]
[EventCountry "DEN"]
[EventCategory "8"]
[Source "ChessBase"]
[SourceDate "2002.05.03"]

1. e4 c5 2. Nf3 e6 3. d3 Nc6 4. g3 d5 5. Nbd2 Bd6 6. Bg2 Nge7 7. O-O O-O 8. Re1
Bc7 9. exd5 exd5 10. d4 c4 11. c3 Bf5 12. Nh4 Be6 13. Ndf3 h6 14. Ne5 Nxe5 15.
dxe5 Qd7 16. f4 Bb6+ 17. Be3 Bxe3+ 18. Rxe3 Rad8 19. Re2 b5 20. Rd2 a5 21. a3
f6 1/2-1/2

[Event "DEN-ch"]
[Site "Greve"]
[Date "2002.03.24"]
[Round "2"]
[White "Pedersen, Nicolai Vesterbaek"]
[Black "Jakobsen, Ole"]
[Result "1-0"]
[WhiteElo "2441"]
[BlackElo "2405"]
[PlyCount "107"]
[EventDate "2002.03.23"]
[EventType "tourn"]
[EventRounds "9"]
[EventCountry "DEN"]
[EventCategory "8"]
[Source "ChessBase"]
[SourceDate "2002.05.03"]

1. d4 d6 2. e4 g6 3. Nc3 c6 4. Bc4 e6 5. Qf3 Bg7 6. Nge2 Nd7 7. Bb3 Ngf6 8. O-O
e5 9. Bg5 h6 10. Be3 O-O 11. Rad1 Qe7 12. Rfe1 a6 13. Qg3 Kh7 14. Qh4 Re8 15.
Bg5 Qf8 16. a4 Nh5 17. Be3 exd4 18. Bxd4 Nhf6 19. f3 b5 20. Qg3 Ne5 21. Bb6 Qe7
22. Be3 Bb7 23. Nf4 Rad8 24. Qf2 g5 25. Nd3 Nc4 26. Bc1 Nd7 27. Ne2 c5 28. c3
Nf6 29. Ng3 Bc8 30. Bc2 Kg8 31. h3 Ne5 32. f4 gxf4 33. Nxf4 Be6 34. Rf1 Nh7 35.
Ngh5 Qf8 36. Rfe1 Kh8 37. Re3 Qe7 38. Nxg7 Kxg7 39. Nh5+ Kh8 40. Rg3 Rg8 41.
Bxh6 Rg6 42. Bg7+ Kg8 43. Qf4 Rxg3 44. Qxg3 Ng6 45. e5 dxe5 46. Rxd8+ Qxd8 47.
Bxe5 Bf5 48. Nf6+ Nxf6 49. Bxf5 Nh5 50. Qg4 Nf6 51. Qg5 Qd1+ 52. Kh2 Nh7 53.
Qh6 Qd5 54. Qg7# 1-0

[Event "DEN-ch"]
[Site "Greve"]
[Date "2002.03.30"]
[Round "8"]
[White "Pedersen, Nicolai Vesterbaek"]
[Black "Hansen, Sune Berg"]
[Result "1/2-1/2"]
[WhiteElo "2441"]
[BlackElo "2536"]
[PlyCount "39"]
[EventDate "2002.03.23"]
[EventType "tourn"]
[EventRounds "9"]
[EventCountry "DEN"]
[EventCategory "8"]
[Source "ChessBase"]
[SourceDate "2002.05.03"]

1. d4 Nf6 2. Nf3 e6 3. e3 b6 4. Bd3 Bb7 5. O-O c5 6. c4 g6 7. Nc3 Bg7 8. d5
exd5 9. cxd5 Nxd5 10. Nb5 O-O 11. Nd6 Nf6 12. Nxb7 Qc7 13. Nxc5 bxc5 14. Qc2 d5
15. b3 Nbd7 16. Bb2 Rfe8 17. Bb5 Qb6 18. Ba4 Red8 19. Rac1 Rac8 20. Bxd7
1/2-1/2

[Event "DEN-ch"]
[Site "Greve"]
[Date "2002.03.28"]
[Round "6"]
[White "Pedersen, Nicolai Vesterbaek"]
[Black "Berg, Klaus"]
[Result "1/2-1/2"]
[WhiteElo "2441"]
[BlackElo "2418"]
[PlyCount "50"]
[EventDate "2002.03.23"]
[EventType "tourn"]
[EventRounds "9"]
[EventCountry "DEN"]
[EventCategory "8"]
[Source "ChessBase"]
[SourceDate "2002.05.03"]

1. d4 Nf6 2. c4 c5 3. d5 b5 4. cxb5 a6 5. b6 e6 6. Nc3 Nxd5 7. Nxd5 exd5 8.
Qxd5 Nc6 9. Nf3 Rb8 10. Bg5 Be7 11. Ne5 O-O 12. Nxc6 dxc6 13. Qxd8 Bxd8 14.
Bxd8 Rxd8 15. e3 Rxb6 16. b3 a5 17. Rc1 a4 18. bxa4 Be6 19. Be2 Rb2 20. Bf3 Bc4
21. Rxc4 Rb1+ 22. Ke2 Rb2+ 23. Ke1 Rb1+ 24. Ke2 Rb2+ 25. Ke1 Rb1+ 1/2-1/2

[Event "DEN-ch"]
[Site "Greve"]
[Date "2002.03.23"]
[Round "1"]
[White "Pilgaard, Kim"]
[Black "Hansen, Sune Berg"]
[Result "0-1"]
[WhiteElo "2400"]
[BlackElo "2536"]
[PlyCount "60"]
[EventDate "2002.03.23"]
[EventType "tourn"]
[EventRounds "9"]
[EventCountry "DEN"]
[EventCategory "8"]
[Source "ChessBase"]
[SourceDate "2002.05.03"]

1. e4 c5 2. Nf3 d6 3. d4 Nf6 4. Nc3 cxd4 5. Nxd4 a6 6. Bc4 e6 7. O-O Be7 8. a4
O-O 9. Qe2 Nc6 10. Nxc6 bxc6 11. e5 dxe5 12. Qxe5 Nd5 13. Bd2 f5 14. Rad1 Bd6
15. Qd4 Qc7 16. h3 Bb7 17. Rfe1 Rae8 18. Bc1 Kh8 19. Qd3 Qc8 20. Qf3 Bb8 21.
Rd4 Qc7 22. Rh4 Nf6 23. Bf4 e5 24. Bg5 e4 25. Qxf5 Qh2+ 26. Kf1 Bc8 27. Qg6
Qh1+ 28. Ke2 Qxg2 29. Nd1 Bf4 30. Qxe8 Qf3+ 0-1

[Event "DEN-ch"]
[Site "Greve"]
[Date "2002.03.30"]
[Round "8"]
[White "Pilgaard, Kim"]
[Black "Mortensen, Erling"]
[Result "0-1"]
[WhiteElo "2400"]
[BlackElo "2441"]
[PlyCount "77"]
[EventDate "2002.03.23"]
[EventType "tourn"]
[EventRounds "9"]
[EventCountry "DEN"]
[EventCategory "8"]
[Source "ChessBase"]
[SourceDate "2002.05.03"]

1. e4 c5 2. Nf3 Nc6 3. c3 Nf6 4. e5 Nd5 5. d4 cxd4 6. cxd4 d6 7. exd6 Qxd6 8.
Nc3 Bg4 9. Be2 e6 10. O-O Be7 11. h3 Bh5 12. Nb5 Qd8 13. Ne5 Bxe2 14. Qxe2 Nxe5
15. dxe5 O-O 16. Qg4 Kh8 17. Nd4 Rc8 18. b3 Qb6 19. Bb2 Rfd8 20. Rac1 Bc5 21.
Rc4 Nb4 22. Qf3 Kg8 23. a3 Nc6 24. Ne2 Bf8 25. Rf4 Rc7 26. Ng3 Qb5 27. Ne4 h6
28. Rg4 Qd3 29. Qf4 Kh7 30. Nd6 Qxb3 31. Ba1 f6 32. Rg3 Qd5 33. Ne4 f5 34. Nd6
Bxd6 35. exd6 Qxd6 36. Qc1 Nd4 37. Qb2 e5 38. Re1 f4 39. Rc3 0-1